000 01065nam0a2200301 4500
001 RU\NLR\ONL2\15900
005 20250613131420.0
010 _a978-5-7696-2838-2
_94000
035 _a(NLR Aleph) 009663485
090 _a9625175
_c9625175
100 _a20091216d2008 |||y0rusy50 ca
101 0 _asah
102 _aRU
105 _aa |||||||||
200 1 _aТокунук - Бокунук
_fКонстантин Туйаарыскай
_g[худож. В. Ф. Ноева]
210 _aДьокуускай
_cБичик
_d2008
215 _a[6] с.
_cил.
_d13
300 _aВ вып. дан. авт.: Дьячковский Константин Николаевич-Туйарский
541 1 _aПухлячок
_eстихи для детей
_zrus
686 1 _aШ9(2)6=Я-5
700 1 _aТуйарский
_bК. Н.
_gКонстантин Николаеввич
_4070
801 0 _aRU
_bNLR
_c20091216
_gPSBO
852 _aNLR
_bОНЛ
_jЯкут./1-456
942 _cBOOK
980 _aNB
980 _aONL_RF